Space Jam: A New Legacy Roster - Statistics

General Stats
  • This quiz has been taken 21 times
    16 since last reset
  • The average score is 10 of 24
Answer Stats
Team Answer % Correct
Goon Klay Thompson/ Wet-Fire
75%
Toon LeBron James
75%
Toon Bugs
63%
Goon Al G. Rhythm
50%
Goon Anthony Davis/ The Brow
50%
Goon Damian Lillard/ Chronos
50%
Goon Diana Taurasi/ White Mamba
50%
Toon Granny
50%
Toon Roadrunner
50%
Toon Tweety
50%
Toon Daffy
38%
Toon Lola
38%
Goon Nneka Ogwumike/Arachnneka
38%
Referee Pete
38%
Toon Speedy
38%
Toon Sylvester
38%
Toon Tasmanian Devil
38%
Toon Wile E. Coyote
38%
Toon Yosemite Sam
38%
Goon/Toon Dominic James
25%
Toon Elmer
25%
Toon Foghorn Leghorn
25%
Toon Porky
25%
Toon Gossamer
13%
No matching quizzes found
Score Distribution
Percent of People with Each Score
Percentile by Number Answered
Your Score History
You have not taken this quiz since the last reset